[Event "Reykjavik op"]
[Site "Reykjavik"]
[Date "2014.03.10"]
[Round "8"]
[White "Chernukhin, Alexander"]
[Black "Bisby, Daniel L"]
[Result "0-1"]
[WhiteElo "2135"]
[BlackElo "2314"]
[PlyCount "106"]
[EventDate "2014.03.04"]
[EventType "swiss"]
[EventRounds "10"]
[EventCountry "ISL"]
[SourceTitle "CBM 159 Extra"]
[Source "ChessBase"]
[SourceDate "2014.04.24"]
[SourceVersion "1"]
[SourceVersionDate "2014.04.24"]
[SourceQuality "1"]

1. c4 Nf6 2. Nc3 g6 3. g3 Bg7 4. Bg2 0-0 5. Nf3 d6 6. 0-0 a6 7. d3 e5 8. Rb1 h6 9. b4 Be6 10. Qc2 Nbd7 11. Nd2 c6 12. e4 Nh5 13. a4 Qe7 14. b5 axb5 15. axb5 Rfc8 16. Bb2 Nhf6 17. Ra1 Nc5 18. Ra3 Rxa3 19. Bxa3 Ra8 20. Bxc5 dxc5 21. bxc6 bxc6 22. Rb1 h5 23. Qb2 Rd8 24. Bf1 Bh6 25. Nb3 h4 26. Na4 hxg3 27. hxg3 Nd7 28. Na5 Ra8 29. Nxc6 Qg5 30. Nb6 Nxb6 31. Qxb6 Bg7 32. Qxc5 Ra2 33. d4 Rxf2 34. Kxf2 Qd2+ 35. Be2 Bg4 36. Re1 exd4 37. Qa3 Bh6 38. Qa5 Qe3+ 39. Kg2 Bxe2 40. Nxd4 Qxe4+ 41. Kf2 Qxd4+ 42. Kxe2 Qe3+ 43. Kf1 Qf3+ 44. Kg1 Qxg3+ 45. Kf1 Qf3+ 46. Kg1 Be3+ 47. Kh2 Qf4+ 48. Kh3 g5 49. Qd8+ Kg7 50. Qd1 Bf2 51. Qa1+ Kh7 52. Qb1+ Kh6 53. Kg2 Qg3+ 0-1

[Event "Reykjavik op"]
[Site "Reykjavik"]
[Date "2014.03.05"]
[Round "2"]
[White "Sachdev, Tania"]
[Black "Chernukhin, Alexander"]
[Result "1-0"]
[WhiteElo "2423"]
[BlackElo "2135"]
[PlyCount "139"]
[EventDate "2014.03.04"]
[EventType "swiss"]
[EventRounds "10"]
[EventCountry "ISL"]
[SourceTitle "CBM 159 Extra"]
[Source "ChessBase"]
[SourceDate "2014.04.24"]
[SourceVersion "1"]
[SourceVersionDate "2014.04.24"]
[SourceQuality "1"]

1. d4 e6 2. Nf3 f5 3. g3 Nf6 4. Bg2 d5 5. c4 c6 6. 0-0 Bd6 7. Nbd2 Nbd7 8. Ne1 0-0 9. Nd3 b6 10. Nf3 Ne4 11. Bf4 Bxf4 12. Nxf4 Qe7 13. Qc2 Bb7 14. Rfd1 Rfe8 15. e3 Qd6 16. Nd3 Rac8 17. b4 Ba6 18. c5 Bxd3 19. Qxd3 bxc5 20. bxc5 Qc7 21. Ne1 Ndf6 22. f3 Ng5 23. Qa3 Rb8 24. Nd3 Nf7 25. f4 a5 26. Rab1 h5 27. Bf3 g6 28. Rb3 Nd7 29. Rdb1 Rxb3 30. axb3 Rb8 31. Ra1 Qb7 32. Bd1 Qb5 33. Bc2 Ra8 34. b4 a4 35. Nc1 Rb8 36. Bxa4 Qxb4 37. Qxb4 Rxb4 38. Nd3 Rc4 39. Bxc6 Nf6 40. Ra8+ Kg7 41. Ra7 Kf8 42. Rxf7+ Kxf7 43. Ne5+ Ke7 44. Nxc4 dxc4 45. Kf2 Ng4+ 46. Ke2 Nxh2 47. e4 c3 48. d5 exd5 49. exd5 c2 50. Kd2 Nf1+ 51. Kxc2 Nxg3 52. Kd3 h4 53. Kd4 h3 54. d6+ Kd8 55. Bf3 h2 56. c6 Ne4 57. Ke5 Ke8 58. Bg2 Kd8 59. Bf1 Nc5 60. c7+ Kd7 61. Bb5+ Kc8 62. Bc6 Ne4 63. Ke6 h1Q 64. Bd7+ Kb7 65. c8Q+ Ka7 66. Qc7+ Ka6 67. Qc6+ Ka7 68. Qa4+ Kb6 69. Qb5+ Ka7 70. Bc6 1-0

[Event "Reykjavik op"]
[Site "Reykjavik"]
[Date "2014.03.04"]
[Round "1"]
[White "Chernukhin, Alexander"]
[Black "Birkisson, Bardur Orn"]
[Result "1-0"]
[WhiteElo "2135"]
[BlackElo "1475"]
[PlyCount "75"]
[EventDate "2014.03.04"]
[EventType "swiss"]
[EventRounds "10"]
[EventCountry "ISL"]
[SourceTitle "CBM 159 Extra"]
[Source "ChessBase"]
[SourceDate "2014.04.24"]
[SourceVersion "1"]
[SourceVersionDate "2014.04.24"]
[SourceQuality "1"]

1. c4 e5 2. Nc3 Nf6 3. g3 Bc5 4. Bg2 Nc6 5. a3 d6 6. e3 Be6 7. d3 Rb8 8. b4 Bb6 9. Nge2 0-0 10. Na4 Qd7 11. 0-0 Ne7 12. Bb2 Bh3 13. Rc1 Ng6 14. d4 exd4 15. exd4 c6 16. Nxb6 axb6 17. d5 Bxg2 18. Kxg2 Ne8 19. h4 Nc7 20. h5 Ne5 21. Nf4 Rfe8 22. Re1 f6 23. Bd4 c5 24. Bb2 Ra8 25. b5 Ng4 26. Ne6 Ne5 27. f4 Nxe6 28. dxe6 Rxe6 29. fxe5 fxe5 30. Rxe5 Rxe5 31. Bxe5 Rxa3 32. Qd5+ Qf7 33. Qxf7+ Kxf7 34. Bxd6 Re3 35. Bf4 Re7 36. Kf3 g6 37. hxg6+ hxg6 38. Rd1 1-0

[Event "Groningen op-A 51st"]
[Site "Groningen"]
[Date "2013.12.24"]
[Round "4"]
[White "Arslanov, Shamil"]
[Black "Chernukhin, Alexander"]
[Result "1-0"]
[WhiteElo "2403"]
[BlackElo "2145"]
[PlyCount "83"]
[EventDate "2013.12.21"]
[EventType "swiss"]
[EventRounds "9"]
[EventCountry "NED"]
[SourceTitle "CBM 158 Extra"]
[Source "ChessBase"]
[SourceDate "2014.02.28"]
[SourceVersion "1"]
[SourceVersionDate "2014.02.28"]
[SourceQuality "1"]

1. d4 d5 2. c4 c6 3. cxd5 cxd5 4. Bf4 Nf6 5. e3 a6 6. Nc3 Nc6 7. Bd3 e6 8. Rc1 Be7 9. h3 0-0 10. Nf3 Bd7 11. 0-0 Nh5 12. Bh2 f5 13. Na4 Nb4 14. Bb1 Bxa4 15. Qxa4 Nc6 16. Rc3 Nf6 17. Rfc1 Bd6 18. Ne5 Bxe5 19. Bxe5 Ne8 20. Rxc6 Qd7 21. R1c5 bxc6 22. Qxc6 Qxc6 23. Rxc6 Kf7 24. g4 g6 25. b4 Ke7 26. Bd3 Kd7 27. Rb6 fxg4 28. hxg4 Nc7 29. a4 Rfc8 30. a5 Ra7 31. Kg2 Nb5 32. Bxb5+ axb5 33. Rxb5 Rc4 34. Rb6 Rc6 35. Rb8 Rc8 36. Rb5 Rc4 37. g5 Kc8 38. Rb8+ Kd7 39. Rb6 Rc6 40. b5 Rc2 41. a6 Kc8 42. Rb8+ 1-0

[Event "Groningen op-A 51st"]
[Site "Groningen"]
[Date "2013.12.23"]
[Round "3"]
[White "Chernukhin, Alexander"]
[Black "Estremera Panos, Sergio"]
[Result "1/2-1/2"]
[WhiteElo "2145"]
[BlackElo "2365"]
[PlyCount "65"]
[EventDate "2013.12.21"]
[EventType "swiss"]
[EventRounds "9"]
[EventCountry "NED"]
[SourceTitle "CBM 158 Extra"]
[Source "ChessBase"]
[SourceDate "2014.02.28"]
[SourceVersion "1"]
[SourceVersionDate "2014.02.28"]
[SourceQuality "1"]

1. c4 c5 2. Nf3 Nc6 3. Nc3 g6 4. d4 cxd4 5. Nxd4 Bg7 6. Nc2 Bxc3+ 7. bxc3 Qa5 8. Bb2 d6 9. e3 Bd7 10. Be2 Rc8 11. Nd4 Nf6 12. Nb3 Qb6 13. 0-0 Na5 14. c5 dxc5 15. Nxa5 Qxa5 16. c4 Ba4 17. Qb1 Bc6 18. Bxf6 exf6 19. Qb2 Qd8 20. Bg4 Rc7 21. Rad1 Qe7 22. Bf3 Bxf3 23. gxf3 0-0 24. Rd5 Rd8 25. Rfd1 Rxd5 26. Rxd5 Rd7 27. Rxd7 Qxd7 28. Qxf6 b5 29. Qe5 bxc4 30. Qb8+ Kg7 31. Qe5+ Kg8 32. Qb8+ Kg7 33. Qe5+ 1/2-1/2

[Event "Groningen op-A 51st"]
[Site "Groningen"]
[Date "2013.12.21"]
[Round "1"]
[White "Chernukhin, Alexander"]
[Black "Danielian, Elina"]
[Result "0-1"]
[WhiteElo "2145"]
[BlackElo "2462"]
[PlyCount "168"]
[EventDate "2013.12.21"]
[EventType "swiss"]
[EventRounds "9"]
[EventCountry "NED"]
[SourceTitle "CBM 158 Extra"]
[Source "ChessBase"]
[SourceDate "2014.02.28"]
[SourceVersion "1"]
[SourceVersionDate "2014.02.28"]
[SourceQuality "1"]

1. c4 c6 2. d4 d5 3. Nc3 dxc4 4. a4 e5 5. e3 exd4 6. exd4 Be6 7. Nf3 Nf6 8. Ne5 Bb4 9. Bxc4 Bxc4 10. Nxc4 Qe7+ 11. Ne3 0-0 12. 0-0 Rd8 13. Qf3 Bxc3 14. bxc3 Qe4 15. Qg3 Nbd7 16. Bb2 Nh5 17. Qg4 Qxg4 18. Nxg4 Nf4 19. g3 Nd5 20. c4 Nb4 21. a5 b5 22. Bc3 Na6 23. d5 b4 24. Bd4 cxd5 25. cxd5 Ndc5 26. Bxc5 Nxc5 27. Ne3 Rab8 28. Rab1 g6 29. Rfd1 b3 30. Nc4 f6 31. a6 Rb5 32. d6 Nxa6 33. Ra1 Rb4 34. Rxa6 Rxc4 35. Rb1 Rb4 36. Ra3 Rxd6 37. Rbxb3 Rxb3 38. Rxb3 Rd7 39. Ra3 Kf7 40. Ra6 f5 41. h4 Ke8 42. Kg2 Kd8 43. Kf3 Kc8 44. Ra1 Kb8 45. Rb1+ Rb7 46. Ra1 Rb5 47. Ra2 a5 48. Kf4 h6 49. Ke3 Kb7 50. Kd3 Kb6 51. Kc4 f4 52. Re2 Rb4+ 53. Kc3 fxg3 54. fxg3 Rg4 55. Re3 h5 56. Kb3 a4+ 57. Kb2 Kc5 58. Kc2 Kd5 59. Kd2 Rb4 60. Ra3 Ke5 61. Ke2 Kf5 62. Kf2 Kg4 63. Kg2 Rb2+ 64. Kg1 Rb3 65. Rxa4+ Kxg3 66. Kf1 Rf3+ 67. Kg1 Rf4 68. Ra6 Rg4 69. Ra3+ Kxh4+ 70. Kh2 Rb4 71. Rc3 Rb2+ 72. Kg1 g5 73. Ra3 g4 74. Rc3 g3 75. Rd3 Kh3 76. Rd1 h4 77. Rc1 Rg2+ 78. Kh1 Rf2 79. Kg1 Rg2+ 80. Kh1 Re2 81. Kg1 Kg4 82. Rc4+ Kf3 83. Rc3+ Re3 84. Rc1 h3 0-1

[Event "Vienna op 18th"]
[Site "Vienna"]
[Date "2013.08.17"]
[Round "1"]
[White "Hertneck, Gerald"]
[Black "Chernukhin, Alexander"]
[Result "1/2-1/2"]
[WhiteElo "2499"]
[BlackElo "2103"]
[PlyCount "146"]
[EventDate "2013.08.17"]
[EventType "swiss"]
[EventRounds "9"]
[EventCountry "AUT"]
[SourceTitle "CBM 156 Extra"]
[Source "ChessBase"]
[SourceDate "2013.10.22"]
[SourceVersion "1"]
[SourceVersionDate "2013.10.22"]
[SourceQuality "1"]

1. d4 d5 2. c4 c6 3. Nf3 Nf6 4. Nc3 e6 5. e3 Nbd7 6. Bd3 dxc4 7. Bxc4 b5 8. Bd3 Bb7 9. e4 b4 10. Na4 Qa5 11. 0-0 Be7 12. e5 Nd5 13. Bg5 Ba6 14. Bxa6 Qxa6 15. a3 Qb5 16. Bxe7 Nxe7 17. axb4 Qxb4 18. Qd3 h6 19. Rfc1 Rd8 20. Rc4 Qb5 21. Nc3 Nxe5 22. Nxe5 Qxe5 23. dxe5 Rxd3 24. Rxa7 Rd7 25. Rca4 Nc8 26. R7a6 0-0 27. Rxc6 Rd2 28. Ra8 Ne7 29. Rxf8+ Kxf8 30. Rb6 Nd5 31. Rb8+ Ke7 32. Rb7+ Ke8 33. g3 Nxc3 34. bxc3 Rd5 35. f4 Rc5 36. Rb3 g5 37. Kf2 gxf4 38. gxf4 Rc4 39. Rb4 Rxc3 40. Rb8+ Ke7 41. Rh8 Rh3 42. Kg2 Rh5 43. Kg3 f5 44. Rh7+ Ke8 45. Ra7 Kd8 46. h4 Ke8 47. Ra1 Kd7 48. Rh1 Ke7 49. Kf3 Kd7 50. Ke3 Kc7 51. Rh2 Kd7 52. Rh1 Kc7 53. Rc1+ Kd7 54. Rd1+ Ke7 55. Rh1 Kd7 56. Kd4 Kc6 57. Kc4 Kb6 58. Rd1 Rxh4 59. Rd6+ Kc7 60. Rxe6 Rxf4+ 61. Kd5 Ra4 62. Re7+ Kd8 63. Ke6 f4 64. Rd7+ Ke8 65. Rd3 Ra6+ 66. Kf5 f3 67. Rxf3 h5 68. Rh3 h4 69. Rxh4 Rb6 70. Rh8+ Ke7 71. Rh7+ Ke8 72. Rg7 Ra6 73. e6 Ra8 1/2-1/2

[Event "Rethymno op 5th"]
[Site "Rethymno"]
[Date "2013.07.31"]
[Round "5"]
[White "Agnanti, Danai Kalliopi"]
[Black "Chernukhin, Alexander"]
[Result "1/2-1/2"]
[WhiteElo "1726"]
[BlackElo "2080"]
[PlyCount "83"]
[EventDate "2013.07.28"]
[EventType "swiss"]
[EventRounds "9"]
[EventCountry "GRE"]
[SourceTitle "CBM 155 Extra"]
[Source "ChessBase"]
[SourceDate "2013.08.26"]
[SourceVersion "1"]
[SourceVersionDate "2013.08.26"]
[SourceQuality "1"]

1. e4 d5 2. exd5 Qxd5 3. Nc3 Qd6 4. d4 Nf6 5. Nf3 c6 6. Bc4 Bf5 7. 0-0 e6 8. h3 Nbd7 9. Ne2 Nd5 10. Bb3 b5 11. Re1 Qc7 12. Ng3 Bg6 13. a4 b4 14. Nh4 Be7 15. Nxg6 hxg6 16. Qf3 N7f6 17. c4 bxc3 18. bxc3 0-0 19. Bg5 Rfd8 20. a5 Rab8 21. Ba4 c5 22. a6 cxd4 23. cxd4 Rb4 24. Ne2 Qc4 25. Rec1 Qxa6 26. Bb3 Qb6 27. Bxd5 Nxd5 28. Bd2 Rb5 29. Ra4 a5 30. Rca1 Rb1+ 31. Rxb1 Qxb1+ 32. Kh2 Qc2 33. Bxa5 Qxa4 34. Bxd8 Bxd8 35. Qg3 Bc7 36. f4 Nxf4 37. Nxf4 Qxd4 38. Qh4 Bxf4+ 39. g3 Qf2+ 40. Kh1 Bxg3 41. Qd8+ Kh7 42. Qh4+ 1/2-1/2

[Event "Paleochora op 6th"]
[Site "Paleochora"]
[Date "2013.07.22"]
[Round "5"]
[White "Sturt, Raven M"]
[Black "Chernukhin, Alexander"]
[Result "1-0"]
[WhiteElo "2308"]
[BlackElo "2080"]
[PlyCount "59"]
[EventDate "2013.07.19"]
[EventType "swiss"]
[EventRounds "9"]
[EventCountry "GRE"]
[SourceTitle "CBM 155 Extra"]
[Source "ChessBase"]
[SourceDate "2013.08.26"]
[SourceVersion "1"]
[SourceVersionDate "2013.08.26"]
[SourceQuality "1"]

1. d4 e6 2. c4 f5 3. Nf3 Nf6 4. g3 Bb4+ 5. Nbd2 b6 6. Bg2 Bb7 7. 0-0 Bxd2 8. Bxd2 0-0 9. Bb4 d6 10. d5 e5 11. Ng5 Qe7 12. Ne6 Re8 13. f4 e4 14. Bc3 Rc8 15. Nd4 g6 16. b3 Nbd7 17. Nc6 Bxc6 18. dxc6 Nc5 19. h3 Ne6 20. e3 Kf7 21. g4 h5 22. g5 Ng8 23. h4 Qe8 24. Bxe4 fxe4 25. f5 gxf5 26. Qd5 Ne7 27. Rxf5+ Nxf5 28. Qxf5+ Kg8 29. Qf6 Kh7 30. Qh6+ 1-0

[Event "Styrian op-A"]
[Site "Bad Gleichenberg"]
[Date "2013.07.14"]
[Round "9"]
[White "Weiss, Leo"]
[Black "Chernukhin, Alexander"]
[Result "1/2-1/2"]
[WhiteElo "2170"]
[BlackElo "2080"]
[PlyCount "41"]
[EventDate "2013.07.06"]
[EventType "swiss"]
[EventRounds "9"]
[EventCountry "AUT"]
[SourceTitle "CBM 155 Extra"]
[Source "ChessBase"]
[SourceDate "2013.08.26"]
[SourceVersion "1"]
[SourceVersionDate "2013.08.26"]
[SourceQuality "1"]

1. e4 d5 2. exd5 Nf6 3. d4 Nxd5 4. Nf3 Nb6 5. Be2 g6 6. 0-0 Bg7 7. c4 0-0 8. h3 Nc6 9. Be3 e5 10. d5 Ne7 11. Nc3 Nf5 12. Bc5 Re8 13. Ne4 Nd6 14. Nxd6 cxd6 15. Be3 a5 16. Qd2 Nd7 17. b4 axb4 18. Qxb4 f5 19. Ng5 Nc5 20. Ne6 Nxe6 21. g3 1/2-1/2

[Event "Styrian op-A"]
[Site "Bad Gleichenberg"]
[Date "2013.07.10"]
[Round "5"]
[White "Chernukhin, Alexander"]
[Black "Hatzl, Johannes"]
[Result "1/2-1/2"]
[WhiteElo "2080"]
[BlackElo "2121"]
[PlyCount "26"]
[EventDate "2013.07.06"]
[EventType "swiss"]
[EventRounds "9"]
[EventCountry "AUT"]
[SourceTitle "CBM 155 Extra"]
[Source "ChessBase"]
[SourceDate "2013.08.26"]
[SourceVersion "1"]
[SourceVersionDate "2013.08.26"]
[SourceQuality "1"]

1. c4 c6 2. d4 d5 3. Nf3 e6 4. e3 Bd6 5. b3 Qe7 6. Bb2 f5 7. Bd3 Nf6 8. 0-0 0-0 9. Ne5 b6 10. f4 Bb7 11. Nd2 Nbd7 12. cxd5 cxd5 13. Qe2 Ne4 1/2-1/2

[Event "Styrian op-A"]
[Site "Bad Gleichenberg"]
[Date "2013.07.07"]
[Round "2"]
[White "Chernukhin, Alexander"]
[Black "Chatalbashev, Boris"]
[Result "0-1"]
[WhiteElo "2080"]
[BlackElo "2560"]
[PlyCount "106"]
[EventDate "2013.07.06"]
[EventType "swiss"]
[EventRounds "9"]
[EventCountry "AUT"]
[SourceTitle "CBM 155 Extra"]
[Source "ChessBase"]
[SourceDate "2013.08.26"]
[SourceVersion "1"]
[SourceVersionDate "2013.08.26"]
[SourceQuality "1"]

1. c4 b6 2. Nc3 Bb7 3. Nf3 e6 4. a3 c5 5. d4 cxd4 6. Nxd4 Nf6 7. f3 d5 8. cxd5 Nxd5 9. Nxd5 exd5 10. Bf4 Be7 11. e3 0-0 12. Bb5 a6 13. Ba4 Bh4+ 14. g3 Bf6 15. Bxb8 Rxb8 16. Kf2 Rc8 17. Qd3 b5 18. Bb3 Re8 19. Rac1 Qd7 20. Rxc8 Bxc8 21. Re1 h5 22. Re2 h4 23. g4 Qd6 24. Ke1 h3 25. Nf5 Bxf5 26. Qxf5 Qc5 27. Qxd5 Qc1+ 28. Qd1 Bxb2 29. Qxc1 Bxc1 30. a4 Bxe3 31. axb5 axb5 32. Kd1 Rd8+ 33. Kc2 Bf4 34. Kb1 Kf8 35. Bc2 g5 36. Ka2 Rd4 37. Kb3 Bd6 38. Kc3 Rc4+ 39. Kb3 Rc7 40. Bd3 b4 41. Bc4 Kg7 42. Rd2 Rc6 43. Rc2 Be7 44. Rd2 Rf6 45. Bd5 Ra6 46. Kb2 Rd6 47. Kc2 Kf6 48. Bc4 Rxd2+ 49. Kxd2 Ke5 50. Bxf7 Kd4 51. Be8 Bd6 52. Bb5 Bxh2 53. Bf1 Bf4+ 0-1

[Event "Salento op 2nd"]
[Site "Gallipoli"]
[Date "2013.06.01"]
[Round "9"]
[White "Chernukhin, Alexander"]
[Black "Quaranta, Cristiano"]
[Result "1/2-1/2"]
[WhiteElo "2091"]
[BlackElo "2172"]
[PlyCount "26"]
[EventDate "2013.05.25"]
[EventType "swiss"]
[EventRounds "9"]
[EventCountry "ITA"]
[SourceTitle "CBM 154 Extra"]
[Source "ChessBase"]
[SourceDate "2013.06.25"]
[SourceVersion "2"]
[SourceVersionDate "2013.06.25"]
[SourceQuality "1"]

1. Nf3 Nf6 2. g3 b5 3. Bg2 Bb7 4. 0-0 e6 5. d3 Be7 6. e4 d6 7. Nbd2 Nbd7 8. Ne1 d5 9. Qe2 dxe4 10. dxe4 a6 11. e5 Bxg2 12. Kxg2 Nd5 13. f4 Bc5 1/2-1/2

[Event "Salento op 2nd"]
[Site "Gallipoli"]
[Date "2013.05.27"]
[Round "4"]
[White "Chernukhin, Alexander"]
[Black "Ranfagni, Stefano"]
[Result "1/2-1/2"]
[WhiteElo "2091"]
[BlackElo "1994"]
[PlyCount "46"]
[EventDate "2013.05.25"]
[EventType "swiss"]
[EventRounds "9"]
[EventCountry "ITA"]
[SourceTitle "EXT 2014"]
[Source "ChessBase"]
[SourceDate "2013.11.20"]
[SourceVersion "1"]
[SourceVersionDate "2013.11.20"]
[SourceQuality "1"]

1. Nf3 e6 2. g3 d5 3. Bg2 f5 4. d4 Bd6 5. 0-0 Nf6 6. c4 c6 7. Qc2 0-0 8. Ne1 Qe7 9. Nd3 Nbd7 10. Nd2 b6 11. Nf3 Bb7 12. Bf4 Ne4 13. a3 Rac8 14. Bxd6 Qxd6 15. cxd5 exd5 16. b4 c5 17. Qb2 c4 18. Nde5 Nxe5 19. Nxe5 Rfe8 20. f4 Ba6 21. Bxe4 dxe4 22. Qc3 Bb7 23. e3 Bd5 1/2-1/2

[Event "Vienna Husek op-A"]
[Site "Vienna"]
[Date "2012.08.18"]
[Round "6"]
[White "Solleveld, Maarten"]
[Black "Chernukhin, Alexander"]
[Result "1-0"]
[WhiteElo "2536"]
[BlackElo "2022"]
[PlyCount "81"]
[EventDate "2012.08.13"]
[EventType "swiss"]
[EventRounds "7"]
[EventCountry "AUT"]
[SourceTitle "CBM 149 Extra"]
[Source "ChessBase"]
[SourceDate "2012.08.24"]
[SourceVersion "1"]
[SourceVersionDate "2012.08.24"]
[SourceQuality "1"]

1. e4 d5 2. exd5 Nf6 3. Nf3 Nxd5 4. d4 g6 5. Be2 Bg7 6. 0-0 0-0 7. Re1 Bg4 8. c3 Nc6 9. Na3 Re8 10. h3 Bxf3 11. Bxf3 Rb8 12. Nc4 e6 13. a4 h6 14. a5 b5 15. axb6 axb6 16. Ne3 Nxe3 17. Bxe3 Ne7 18. Bf4 g5 19. Bh2 Ng6 20. Ra7 Nf4 21. Bc6 Re7 22. h4 Qd6 23. Qf3 e5 24. hxg5 hxg5 25. Bxf4 gxf4 26. dxe5 Rxe5 27. Rd1 Qe7 28. Raa1 Qh4 29. Ra4 Qe7 30. Kf1 Qh4 31. g4 Re6 32. Rxf4 Qh6 33. Bd5 Rf6 34. Rdd4 Qg5 35. Kg2 b5 36. Rxf6 Bxf6 37. Rf4 Rb6 38. Rf5 Qg7 39. g5 Bxg5 40. Rxf7 Qg6 41. Re7+ 1-0

[Event "Paleochora op 5th"]
[Site "Paleochora"]
[Date "2012.07.17"]
[Round "2"]
[White "Chernukhin, Alexander"]
[Black "Faibisovich, Vadim Z"]
[Result "1/2-1/2"]
[WhiteElo "1991"]
[BlackElo "2372"]
[PlyCount "73"]
[EventDate "2012.07.16"]
[EventType "swiss"]
[EventRounds "9"]
[EventCountry "GRE"]
[SourceTitle "CBM 149 Extra"]
[Source "ChessBase"]
[SourceDate "2012.08.24"]
[SourceVersion "1"]
[SourceVersionDate "2012.08.24"]
[SourceQuality "1"]

1. d4 Nf6 2. c4 e6 3. Nf3 d5 4. Nc3 Be7 5. Bg5 0-0 6. e3 h6 7. Bh4 b6 8. cxd5 Nxd5 9. Bxe7 Qxe7 10. Nxd5 exd5 11. Bd3 c5 12. Rc1 Be6 13. 0-0 Nd7 14. Bb1 Rfc8 15. a3 Rab8 16. Qe2 a5 17. h3 Qd6 18. Kh1 c4 19. g4 b5 20. Nh4 Nf6 21. f4 Ne4 22. Bxe4 dxe4 23. Rg1 Rb6 24. g5 Bxh3 25. Rg3 Bd7 26. Rcg1 c3 27. bxc3 Rxc3 28. f5 hxg5 29. Rxg5 Qh6 30. Rxg7+ Kf8 31. Qh2 Qxe3 32. Rg8+ Ke7 33. Qe5+ Be6 34. R8g3 Qh6 35. Rxc3 Qxh4+ 36. Kg2 Qg4+ 37. Kh2 1/2-1/2

[Event "Rethymno op 4th"]
[Site "Rethymno"]
[Date "2012.07.07"]
[Round "1"]
[White "Chernukhin, Alexander"]
[Black "Kryvoruchko, Yuriy"]
[Result "0-1"]
[WhiteElo "1991"]
[BlackElo "2672"]
[PlyCount "68"]
[EventDate "2012.07.07"]
[EventType "swiss"]
[EventRounds "9"]
[EventCountry "GRE"]
[SourceTitle "CBM 149 Extra"]
[Source "ChessBase"]
[SourceDate "2012.08.24"]
[SourceVersion "1"]
[SourceVersionDate "2012.08.24"]
[SourceQuality "1"]

1. d4 Nf6 2. c4 e6 3. Nc3 Bb4 4. Qc2 0-0 5. Nf3 d6 6. Bd2 b6 7. e4 e5 8. dxe5 dxe5 9. Nd5 Bxd2+ 10. Nxd2 Nc6 11. Bd3 Nd4 12. Qc3 c6 13. Nxf6+ Qxf6 14. c5 Qg5 15. 0-0-0 Rd8 16. Kb1 Be6 17. Bc4 Qxg2 18. Bxe6 Nxe6 19. cxb6 axb6 20. Qe3 Qg4 21. Rc1 Nd4 22. f3 Qe6 23. b3 Qe7 24. Qc3 Ne2 25. Qxc6 Nxc1 26. Rxc1 Qa3 27. Qc2 b5 28. Nf1 Qa7 29. Ng3 g6 30. Ne2 Qe3 31. Rd1 Rxd1+ 32. Qxd1 Qxf3 33. Qc2 Rd8 34. Nc3 Rc8 0-1

[Event "EU School-ch U13"]
[Site "Kallithea"]
[Date "2012.06.14"]
[Round "2"]
[White "Aksoy, Ayca"]
[Black "Chernukhin, Alexander"]
[Result "1/2-1/2"]
[WhiteElo "1720"]
[BlackElo "1998"]
[PlyCount "79"]
[EventDate "2012.06.13"]
[EventType "swiss"]
[EventRounds "9"]
[EventCountry "GRE"]
[SourceTitle "EXT 2024"]
[Source "ChessBase"]
[SourceDate "2023.10.10"]
[SourceVersion "1"]
[SourceVersionDate "2023.10.10"]
[SourceQuality "1"]

1. Nf3 Nf6 2. d4 g6 3. Nc3 d5 4. Bf4 c6 5. Qd2 Bg7 6. Bh6 0-0 7. h4 Ne4 8. Nxe4 dxe4 9. Bxg7 Kxg7 10. Ng5 Bf5 11. f3 exf3 12. gxf3 f6 13. Nh3 e5 14. 0-0-0 Qb6 15. dxe5 fxe5 16. Qc3 Re8 17. e4 Bxh3 18. Bxh3 Re7 19. f4 Na6 20. fxe5 Qc5 21. Rhg1 Qxc3 22. bxc3 Nc5 23. h5 Rxe5 24. hxg6 h6 25. Bf5 Rae8 26. Rd4 R8e7 27. Rg4 h5 28. Rf4 Ne6 29. Rh4 Kh6 30. Rd1 Ng7 31. Rf1 Re8 32. Rfh1 Rh8 33. R4h2 Kg5 34. Rg2+ Kf6 35. Rf2 Nxf5 36. exf5 Rxf5 37. Rxf5+ Kxf5 38. g7 Rg8 39. Rxh5+ Kg6 40. Rh4 1/2-1/2

[Event "Moscow op-E"]
[Site "Moscow"]
[Date "2011.01.31"]
[Round "3.219"]
[White "Kalinin, Nikita"]
[Black "Chernukhin, Alexander"]
[Result "0-1"]
[WhiteElo "2012"]
[BlackElo "2018"]
[PlyCount "102"]
[EventDate "2011.01.29"]
[EventType "swiss"]
[EventRounds "9"]
[EventCountry "RUS"]
[SourceTitle "EXT 2022"]
[Source "ChessBase"]
[SourceDate "2021.10.06"]
[SourceVersion "1"]
[SourceVersionDate "2021.10.06"]
[SourceQuality "1"]

1. e4 c6 2. d4 d5 3. exd5 cxd5 4. c4 Nf6 5. Nc3 e6 6. c5 Nc6 7. Nf3 Be7 8. Bf4 Ne4 9. Bb5 Nxc3 10. bxc3 Bd7 11. Bxc6 Bxc6 12. 0-0 0-0 13. Qb3 f6 14. Rfe1 e5 15. Bg3 e4 16. Nd2 f5 17. Be5 Re8 18. c4 Kh8 19. Qc3 Bf6 20. Bxf6 Qxf6 21. cxd5 Bxd5 22. Nc4 Qg5 23. Ne5 Rf8 24. Qg3 Qh6 25. f4 Rad8 26. Qe3 Qe6 27. Re2 Kg8 28. Qa3 a6 29. Qb4 Bc6 30. a4 Qd5 31. Rd1 Rfe8 32. Rdd2 Re6 33. Re3 Rxe5 34. fxe5 f4 35. Rh3 Qe6 36. Qb3 Bd5 37. Qb6 Qe7 38. Re2 Qg5 39. Rh5 Qe7 40. Rh3 Rd7 41. e6 Rd8 42. Rh5 e3 43. Rf5 Bc4 44. Rf7 Rxd4 45. Re1 Qh4 46. g3 fxg3 47. Rxg7+ Kxg7 48. Qc7+ Kh6 49. hxg3 Qf6 50. Rxe3 Qf1+ 51. Kh2 Rd2+ 0-1

[Event "Moscow op-E"]
[Site "Moscow"]
[Date "2011.01.29"]
[Round "1.237"]
[White "Lakerbaya, Timur"]
[Black "Chernukhin, Alexander"]
[Result "1/2-1/2"]
[WhiteElo "2124"]
[BlackElo "2018"]
[PlyCount "63"]
[EventDate "2011.01.29"]
[EventType "swiss"]
[EventRounds "9"]
[EventCountry "RUS"]
[SourceTitle "EXT 2022"]
[Source "ChessBase"]
[SourceDate "2021.10.06"]
[SourceVersion "1"]
[SourceVersionDate "2021.10.06"]
[SourceQuality "1"]

1. e4 c6 2. d4 d5 3. exd5 cxd5 4. c4 Nf6 5. Nc3 e6 6. Bg5 Be7 7. Nf3 0-0 8. c5 Nc6 9. Bd3 Bd7 10. 0-0 b6 11. cxb6 Qxb6 12. Ne5 Rad8 13. Na4 Qa5 14. Nxd7 Nxd7 15. Bxe7 Nxe7 16. Re1 Rc8 17. Re3 Ng6 18. a3 Qc7 19. Rh3 Nf6 20. Bxg6 hxg6 21. Nc5 e5 22. dxe5 Qxe5 23. Nd3 Qd4 24. b4 Ne4 25. Rf3 Nc3 26. Qf1 Ne2+ 27. Kh1 Rc2 28. Re1 Re8 29. h3 Qc3 30. Kh2 Qc7+ 31. g3 g5 32. Nc5 1/2-1/2